000
00311nam a22001337a 4500
008
250304b |||||||| |||| 00| 0 eng d
020
_a
1870941098
050
_a
HD1393
_b
.C65
100
_a
COLE, G. A
245
_a
ACCA Study and Revision Manual
260
_a
London
_b
Copyright
300
_a
384p.
942
_c
BK
999
_c
2055
_d
2055